| 000 | 01270nam a2200349Ia 4500 | ||
|---|---|---|---|
| 001 | Z_6477 | ||
| 003 | CHAP | ||
| 008 | 220113s[s.f xx 000 0 und d | ||
| 010 | _a169743 | ||
| 020 | _a978-958-736-028-8 | ||
| 040 | _cCHAP | ||
| 082 | _a636.086 P37 | ||
| 245 |
_aPastos y forrajes para ganado / _ceditor Felipe Durán Ramírez; diseño editoril Edwin Zambrano Pineda; diagramación Edwin Zambrano Pineda; corrección de estilo Nidia Alba Cuellar |
||
| 260 |
_aColombia : _bGrupo Latino, _c[s.f |
||
| 300 | _a422 p. | ||
| 440 |
_a(Volvamos al campo) _9124898 |
||
| 500 | _aIlustraciones y fotografía: Archivo Grupo Latino Editores S.A.S. | ||
| 503 | _aej.1: consumo \ ej.2: consumo \ ej.3: consumo (sin sellos) | ||
| 504 | _aBibliografía: p. 395 - 422 | ||
| 650 |
_aAlimentos y alimentación del ganado _x _x Forrajes _9144892 |
||
| 650 |
_aAlimentos y alimentación del ganado _x _x Pastos _9144893 |
||
| 650 |
_aGanado de carne _x _x Alimentos y alimentación\ _9144894 |
||
| 650 |
_aGanado lechero _x _x Alimentos y alimentación _9144895 |
||
| 650 |
_aGanado vacuno _945425 |
||
| 650 |
_aPatos _x _x Valor nutritivo _9144896 |
||
| 901 | _a636.086 P37 | ||
| 902 | _aM | ||
| 910 | _a[s.f | ||
| 942 | _c1 | ||
| 942 | _cc1 | ||
| 999 |
_c169743 _d169743 |
||